Score 0/18 Timer 02:30
1 Play Today
Hint 5-letter word % Correct
Gin and _____TONIC
98.4%
► _____ [Last Rung]-In ◄
Speedy blue hedgehog
► SONIC ◄
94.8%
Looks at text in a bookREADS
94.5%
Take Me Home, Country _____ROADS
94.2%
Pays for temporary use (of a car, e.g.)RENTS
93.4%
A+, C-, etc.GRADE
93.3%
Smallest members of a litterRUNTS
92.8%
Burial placeGRAVE
92.1%
Songs; melodiesTUNES
91.9%
Hint 5-letter word % Correct
Uniform coatTUNIC
90.4%
Tears to piecesRENDS
87.7%
Capital of a country bordering AlgeriaTUNIS
87.4%
Written norse charactersRUNES
87.3%
► [First Rung] _____-In ◄
Operate a car
► DRIVE ◄
86.2%
Forested areaGROVE
80.8%
ProdsGOADS
80.2%
They're smaller than radians and degreesGRADS
78.6%
Flock of sheep or oxenDROVE
76.7%

Today's Daily Dose

Missing Word
TV NA - NZ

Word Ladder
Neck and Neck

Quick Pick
'Q' Places

You're not logged in!

Compare scores with friends on all Sporcle quizzes.
OR
Log In

Sporcle TV

Today on Sporcle TV


Watch our educational content, quiz creation guides, and fun videos on Sporcle TV.

Show Comments

Extras

Top Quizzes Today


Score Distribution

Paid Content

Your Account Isn't Verified!

In order to create a playlist on Sporcle, you need to verify the email address you used during registration. Go to your Sporcle Settings to finish the process.

Report this User

Report this user for behavior that violates our Community Guidelines.

Details: